平成に消滅・改称した富山県の市町村 - Statistics

General Stats
  • This quiz has been taken 34 times
  • The average score is 22 of 26
Answer Stats
変更年月日 変更内容 回答 変更後の市町村 % Correct
2004.11/01 新設合併 砺波市 砺波市
100%
2005.11/01 新設合併 高岡市 高岡市
100%
2005.11/01 新設合併 新湊市 射水市
100%
2006.03/31 新設合併 黒部市 黒部市
100%
2005.04/01 新設合併 富山市 富山市
94%
2005.04/01 新設合併 婦中町 富山市
94%
2006.03/31 新設合併 宇奈月町 黒部市
94%
2004.11/01 新設合併 利賀村 南砺市
89%
2005.04/01 新設合併 大山町 富山市
89%
2005.11/01 新設合併 福岡町 高岡市
89%
2005.11/01 新設合併 小杉町 射水市
89%
2005.11/01 新設合併 大門町 射水市
89%
2004.11/01 新設合併 庄川町 砺波市
83%
2004.11/01 新設合併 城端町 南砺市
83%
2004.11/01 新設合併 平村 南砺市
83%
2004.11/01 新設合併 福野町 南砺市
83%
2004.11/01 新設合併 福光町 南砺市
83%
2005.04/01 新設合併 八尾町 富山市
83%
2004.11/01 新設合併 上平村 南砺市
78%
2005.04/01 新設合併 山田村 富山市
78%
2005.11/01 新設合併 下村 射水市
78%
2005.04/01 新設合併 大沢野町 富山市
72%
2005.04/01 新設合併 細入村 富山市
72%
2004.11/01 新設合併 井波町 南砺市
61%
2005.11/01 新設合併 大島町 射水市
61%
2004.11/01 新設合併 井口村 南砺市
56%
No matching quizzes found
Score Distribution
Percent of People with Each Score
Percentile by Number Answered
Your Score History
You have not taken this quiz